[Event "Rheinland Pfalz op 3rd"]
[Site "Gau Algesheim"]
[Date "2011.07.31"]
[Round "7"]
[White "Grieb, Lukas"]
[Black "Kubach, Fabian"]
[Result "1-0"]
[WhiteElo "1652"]
[BlackElo "1084"]
[PlyCount "57"]
[EventDate "2011.07.28"]
[EventType "swiss"]
[EventRounds "7"]
[EventCountry "GER"]
[SourceTitle "EXT 2013"]
[Source "ChessBase"]
[SourceDate "2012.11.22"]
[SourceVersion "1"]
[SourceVersionDate "2012.11.22"]
[SourceQuality "1"]

1. e4 e5 2. Nf3 Nc6 3. Bc4 Nf6 4. Ng5 d5 5. exd5 Na5 6. Bb3 Nxd5 7. Nxf7 Nxb3 8. Nxd8 Nxa1 9. b3 Kxd8 10. Bb2 Nxb3 11. axb3 Bd6 12. 0-0 Bf5 13. Qf3 Be4 14. Qxe4 c6 15. Bxe5 Re8 16. Qh4+ Be7 17. Qg3 Bf6 18. Bxf6+ gxf6 19. c4 Ne7 20. Qd6+ Kc8 21. Re1 b6 22. Rxe7 Rxe7 23. Qxe7 Rb8 24. Nc3 Rb7 25. Qe8+ Kc7 26. Ne4 b5 27. Qe7+ Kb6 28. Qd8+ Rc7 29. c5+ 1-0

[Event "Rheinland Pfalz op 3rd"]
[Site "Gau Algesheim"]
[Date "2011.07.29"]
[Round "3"]
[White "Kubach, Fabian"]
[Black "Koellmer, Hans Peter"]
[Result "0-1"]
[WhiteElo "1084"]
[BlackElo "1604"]
[PlyCount "60"]
[EventDate "2011.07.28"]
[EventType "swiss"]
[EventRounds "7"]
[EventCountry "GER"]
[SourceTitle "EXT 2013"]
[Source "ChessBase"]
[SourceDate "2012.11.22"]
[SourceVersion "1"]
[SourceVersionDate "2012.11.22"]
[SourceQuality "1"]

1. e4 c5 2. c3 b6 3. Nf3 Bb7 4. d3 Qc7 5. Be3 e5 6. Nbd2 Nf6 7. Rc1 d5 8. Qc2 Be7 9. Be2 0-0 10. 0-0 Nc6 11. Ng5 d4 12. cxd4 exd4 13. e5 Qxe5 14. Ndf3 Qf5 15. Nh4 Qd7 16. Bd2 Nd5 17. Bh5 Nf6 18. Bxf7+ Rxf7 19. Nxf7 Kxf7 20. Bg5 Nd5 21. Bxe7 Ncxe7 22. Qe2 Re8 23. Qf3+ Nf6 24. Qf4 Ned5 25. Qg5 Qg4 26. Qxg4 Nxg4 27. Nf5 Rd8 28. Nxd4 cxd4 29. f3 Nge3 30. Rfe1 Ba6 0-1